1893 1363 1152 1921 1495 1939 1164 1256 1943 1048 1866 1281 1928 1136 1295 1374 1876 1676 1652 1467 1777 1341 1381 1682 1711 1043 1004 1405 1649 1206 1057 1131 1317 1961 1404 1115 1833 1122 1053 1536 1535 1341 1904 1470 1287 1497 1257 1278 1437 1543 1667 1021 1114 1712 1948 1934 1827 1021 1020 1284 1169 1654 1410 1001 1171 1688 1202 1338 1854 1486 1297 1284 1694 1856 1798 1023 1921 1394 1610 1177 1940 1620 1575 1459 1007 1229 1364 1429 1820 1773 1424 1585 1473 1675 1373 1865 1717 1455 1442 BCNSPRNW ULIB Ver.6.0+V

เปลี่ยนเป็นภาษาไทย

Change to English
 แสดงรายละเอียดบรรณานุกรม
  กลับหน้าหลัก

Brief Record : Get Marc (ISO 2709) : E-mail record : QR code < ปิดหน้าต่าง
LEADER : 00000nam 2200000uu 4500
001    13399121152
003     ULIB
008    020711s2546 th a 000 0 tha d
245    สรุปผลการประชุมสัมมนาโครงการประชุมสัมมนา เรื่องการพัฒนานิสิตนักศึกษาแนวทางการแก้ไขปัญหาภาวะวิกฤติทางสังคมที่มีผลกระทบต่อนิสิตนักศึกษา
250    พิมพ์ครั้งที่ 1
260    นครสวรรค์ :^bมหาวิทยาลัยราชภัฏนครสวรรค์,^c2546
300    82 หน้า
945    ^p0^l0^i12410
999    ^aทศพร เกษรทอง
รายการนี้ยังไม่มีแท็ก
คุณยังไม่ได้ล็อกอิน คุณสามารถมีกิจกรรมร่วมกับเว็บไซต์ได้ แต่ต้องล็อกอินก่อน ::
  ล็อกอิน

รายการสื่อสารสนเทศ

ลำดับที่ ประเภท เลขเรียก/บาร์โค้ด สถานที่ สถานะ
1. วิทยาศาสตร์การแพทย์ และสุขภาพ
วิทยาศาสตร์การแพทย์ และสุขภาพ
  
  Barcode: 12410
ห้องสมุดวิทยาเขตสวรรค์ประชารักษ์
►หนังสือทั่วไป
บนชั้น

BibComment


ยังไม่เคยถูกคอมเมนท์

คอมเมนท์ทรัพยากรรายการนี้
  คอมเมนท์: สรุปผลการประชุมสั..


 Copyright 2026. Bcnsprnw @Library